000 00814nam a2200253Ia 4500
003 OSt
005 20221005062400.0
006 a|||||r|||| 00| 0
007 ta
008 221004b |||||||| |||| 00| 0 eng d
020 _a9780415358019 (pbk)
_c1224.68
024 _a89875
037 _b2997, 12/03/2008, Bharat Scientific Syndicate
_cTextual
040 _aCRL
_cCRL
_beng
041 _2eng
_aeng
082 _aZ1,2674,d, P7
100 _aMay Christopher
_923334
245 0 _aWorld intclleatual property organization
_b resurgence and the development agenda
260 _aLondon
_bRoutledge UK
_c2007
300 _axiv, 134p.
_ccm.
650 _aLAW
942 _hZ1,2674,d, P7
_cTEXL
_2cc
999 _c969602
_d969602